Dictionary of plant names /

محفوظ في:

المؤلف الرئيسي: Coombes, Allen J.

التنسيق: كتاب

اللغة: English

منشور في: Portland, Oregon : Timber Press, 1997.

الموضوعات:

الوسوم: إضافة وسم

لا توجد وسوم, كن أول من يضع وسما على هذه التسجيلة!

رقم الطلب: QK36 .C66 1994

LEADER 00895nam a22002537a 4500
003 OSt
005 20251117094324.0
008 251117t1994 oru bd 000 0 eng d
020 |a 0881922943 
040 |c ARCE Library 
050 1 4 |a QK36  |b .C66 1994 
100 1 |a Coombes, Allen J. 
240 1 0 |a Collingridge dictionary of plant names. 
245 1 0 |a Dictionary of plant names /   |c Allen J. Coombes. 
246 1 4 |a Timber Press dictionary of plant names. 
264 1 |a Portland, Oregon :  |b Timber Press,  |c 1997. 
300 |a xii, 195 pages ;   |c 20 cm. 
500 |a "First published in 1985 in Great Britain by Newnes Books under the title, The Collingridge dictionary of plant names"--Title page verso. 
504 |a Includes bibliography references. 
650 0 |a Botany -- Dictionaries. 
650 0 |a Plants -- Nomenclature -- Dictionaries. 
901 |a reviewed 
942 |2 lcc 
999 |c 48666  |d 48666